| 000 | 00536nam a2200169Ia 4500 | ||
|---|---|---|---|
| 008 | 140609s9999 xx 000 0 und d | ||
| 020 | _a9788120345379 | ||
| 050 |
_aHD 58.8 _b.Sa254 2012 |
||
| 100 | _aSatyanarayana, J. | ||
| 245 |
_aManaging transformation : _bobjectives to outcomes / _cJ. Satyanarayana |
||
| 260 |
_aNew Delhi : _bPHI Learning Private Limited, _cc2012. |
||
| 300 |
_a380 p. : _bill. ; _c24 cm. |
||
| 500 | _aIncludes bibliographical references and index. | ||
| 521 | _aBSBA | ||
| 942 |
_kFOR _cBK |
||
| 999 |
_c117919 _d117919 |
||